00326nam a2200133Ia 4500003000400000005001700004008004100021040001800062041000800080100004700088110001800135245001900153260002000172OSt20230529151018.0211028s2015 xx 000 0 und d cAIMIT LIBRARY aeng aBegam, Sheik Sana; Lasrado, Suman.e131923 aSuman Lasrado aSchool cinema. aMangalorec2015